Biggest Trading Partners - Russia 2024 - Statistics

General Stats
  • This quiz has been taken 27 times
  • The average score is 19 of 23
Answer Stats
Answer % Correct
China
100%
Hong Kong (China)
100%
India
100%
Brazil
95%
Kazakhstan
95%
Türkiye
95%
Germany
91%
Italy
91%
Japan
91%
South Korea
91%
Uzbekistan
91%
Poland
86%
France
82%
Vietnam
82%
Egypt
77%
Hungary
77%
Taiwan
77%
Armenia
73%
Netherlands
73%
Belgium
68%
Slovakia
64%
Switzerland
64%
Singapore
59%
No matching quizzes found
Score Distribution
Percent of People with Each Score
Percentile by Number Answered
Your Score History
You have not taken this quiz